Name the Characters of CW Show: SUPERNATURAL - Statistics

General Stats
  • This quiz has been taken 831 times
    824 since last reset
  • The average score is 26 of 31
Answer Stats
Hint Answer % Correct
Main Character's Angel Castiel
99%
Main Character Dean Winchester
99%
Was in love with Dean Winchester Jo Harvelle
99%
Main Character's brother Sam Winchester
99%
The father of the Winchester boys John Winchester
98%
The mother of the Winchester boys Mary Winchester
97%
King of Hell Crowley
95%
Former ruler of Hell / Fallen Archangel / Skin has red wounds Lucifer
92%
Wanted Dean to be his vessel Michael
90%
Turned Sam into a demon-blood addict Ruby
90%
Supposed'd son of Dean Winchester Ben Braden
88%
Owner of Singer Salvage Yard Bobby Singer
88%
Owner of a Roadhouse / Saloon that fellow hunters often visited Ellen Harvelle
88%
Dean's beloved '67 chevy impala Baby
87%
One of the four Horsemen / Not yet killed / Likes pizza Death
86%
Red headed hacker / loves LARP / Lesbian Charlie Bradbury
84%
Was the Final Seal Lillith
84%
Yellow Eyes Azazel
83%
Personal Heaven is a bar. Has a "business in the front, party in the back" haircut Ash
82%
Stole supernatural (occult) objects and sold them to wealthy clients Bela Talbot
82%
Is the reason behind 'Mystery Spot' / Heat of the Moment Gabriel
81%
Ben's mother Lisa Braden
80%
Leader of the Leviathans / Leviathan Alpha Dick Roman
79%
Skinny little dude / Lone Hunter / Sock puppet's name is Mr. Fizzles Garth Fitzgerald
79%
The third Winchester brother / Still stuck in Hell Adam Winchester / Milligan
76%
Translated the tablets / Was in Advanced Placement Kevin Tran
74%
Paranormal "reality" show / Two people who track down supernatural happenings Ghostfacers
70%
Grandfather of the Winchester boys / Member of the Men of Letters Henry Winchester
63%
Name is often confused with an evil transformer Metatron
60%
Red Headed Demon / Wants to be the new ruler of Hell Abaddon
57%
Mother of son in Advanced Placement Mrs. Tran / Linda Tran
48%
No matching quizzes found
Score Distribution
Percent of People with Each Score
Percentile by Number Answered
Your Score History
You have not taken this quiz since the last reset